[Event "Barcelona Tres Peons-B"]
[Site "Barcelona"]
[Date "2021.03.10"]
[Round "3"]
[White "Bagur Cantallops, Antoni"]
[Black "Langstrom, Sammy"]
[Result "1-0"]
[WhiteElo "1612"]
[BlackElo "1579"]
[PlyCount "37"]
[EventDate "2021.02.24"]
[EventType "tourn"]
[EventRounds "9"]
[EventCountry "ESP"]
[SourceTitle "EXT 2022"]
[Source "ChessBase"]
[SourceDate "2021.10.06"]
[SourceVersion "1"]
[SourceVersionDate "2021.10.06"]
[SourceQuality "1"]

1. d4 d5 2. Bf4 Nf6 3. e3 e6 4. Nf3 Be7 5. Bd3 0-0 6. Nbd2 Nbd7 7. Ne5 c5 8. c3 Re8 9. Ndf3 h6 10. h4 a6 11. g4 Nxe5 12. Nxe5 Nd7 13. g5 Nxe5 14. dxe5 h5 15. Qxh5 g6 16. Bxg6 fxg6 17. Qxg6+ Kh8 18. Qh6+ Kg8 19. g6 1-0